000 00471nam a2200181Ia 4500
001 23571
005 20260414150946.0
008 260414t2010||||xx |||||||||||||| ||spa||
041 _aESP
082 _a670
_bG88
100 _aGuevara Melo, Eduardo Serafín
_eAUT
245 0 _aDiseño industrial :
_bconceptos para la construcción de la forma
260 _c2010
300 _a235 páginas :
_c28 cm.
650 _aTCA
654 _aCII
942 _cLIB
_dJUS
_fJUS
_2ddc
_n
999 _c23571
_d23571